| 000 | 00646nam a2200205 i 4500 | ||
|---|---|---|---|
| 001 | bgj | ||
| 100 | 1 |
_aMcCARTHY, Michael _d(1947- ) |
|
| 245 | 1 | 0 |
_aEnglish Vocabulary in Use : _badvanced / _cMichael McCarthy, Felicity O'Dell. |
| 260 |
_aCambridge (UK) : _bCambridge University Press, _c2003. |
||
| 300 |
_a315 pp ; _c25 cm. |
||
| 650 | 9 |
_aEnglish language _xTextbooks for foreigners |
|
| 650 | 9 |
_aVocabulary _xProblems, excersises etc. |
|
| 700 | 1 |
_aO'DELL, Felicity _d(1947- ). _eco-author |
|
| 020 | _a0521653975 | ||
| 040 | _cBPK | ||
| 041 | 0 | _aeng | |
| 920 | _a0-521-65397-5 | ||
| 942 | _cKS | ||
| 008 | s uk f |000 0 eng | ||
| 999 |
_c48560 _d48560 |
||